| 000 | 00847nam0a22002531 4500 | ||
|---|---|---|---|
| 001 | v19\rc\1394322 | ||
| 005 | 20260405071203.0 | ||
| 035 | _a(NLR Aleph) 004525940 | ||
| 090 |
_a4914856 _c4914856 |
||
| 100 | _a20060512d1869 |||y0rusy50 ca | ||
| 101 | 0 | _arus | |
| 102 | _aRU | ||
| 105 | _ay b ||||| | ||
| 200 | 1 | _aСказание о жизни и страданиях святой великомученицы Екатерины | |
| 210 |
_aМосква _cтип. М.П. Погодина _d1869 |
||
| 215 |
_a36 с. _d17 |
||
| 702 | 0 |
_4570 _8rus _7ca _aЕкатерина Александрийская _cсвятая _f-ок.307 _3RU\NLR\AUTH\7717728 _9814 |
|
| 801 | 0 |
_aRU _bNLR _gpsbo |
|
| 801 | 0 |
_aRU _bRuMoRGB _2psbo |
|
| 801 | 1 |
_aRU _bProSoft-M _2rusmarc |
|
| 852 |
_aNLR _j18.126.6.8 |
||
| 899 |
_aRuMoRGB _jU 419/1822 |
||
| 942 | _cBOOK | ||
| 980 | _aNB | ||